Score 0/18 Timer 06:00
0 Plays Today
Picture Vegetable % Correct
Corn
97.2%
Red Onion
96.4%
(Red) Cabbage
96.3%
Carrot
96.3%
(Bell) Pepper
95.7%
Asparagus
94.1%
Cauliflower
91.7%
Yam
90.1%
Artichoke
88.4%
Picture Vegetable % Correct
Potato
86.7%
Snow Pea
84%
Kale
82.5%
Broccoli
80.1%
Lettuce
77.3%
Spring Onion
73.8%
Kohlrabi
60.6%
Okra
54.3%
Belgian Endive
34.6%

You're not logged in!

Compare scores with friends on all Sporcle quizzes.
OR
Log In

Sporcle TV

Today on Sporcle TV


Watch our educational content, quiz creation guides, and fun videos on Sporcle TV.

Show Comments

Extras

Top Quizzes Today


Score Distribution

Paid Content

Your Account Isn't Verified!

In order to create a playlist on Sporcle, you need to verify the email address you used during registration. Go to your Sporcle Settings to finish the process.

Report this User

Report this user for behavior that violates our Community Guidelines.

Details: